000 00211nam a22000857a 4500
008 170302b xxu||||| |||| 00| 0 eng d
100 _93013
_aCHATTERJEE.C.C
245 _aHuman Physiology
260 _aKol Kal
_bAC
_c2012
999 _c6256
_d6256